Central Library OPAC University of Rajshahi

English plays of the nineteenth century / (Record no. 18711)

MARC details
000 -LEADER
fixed length control field 00674cam a2200229 4500
001 - CONTROL NUMBER
control field 18711
003 - CONTROL NUMBER IDENTIFIER
rucl marc code BD-RjUL
005 - DATE AND TIME OF LATEST TRANSACTION
control field 20211209000325.0
008 - FIXED-LENGTH DATA ELEMENTS--GENERAL INFORMATION
fixed length control field 140222s1973 enkaf 000 0 eng
035 ## - SYSTEM CONTROL NUMBER
System control number (BD-RjUL)18769
040 ## - CATALOGING SOURCE
Original cataloging agency DLC
Transcribing agency DLC
Modifying agency DLC
-- BD-RjUL
Language of cataloging eng
041 ## - LANGUAGE CODE
Language code of text/sound track or separate title eng
082 00 - DEWEY DECIMAL CLASSIFICATION NUMBER
Classification number 822.009
Author mark and year ENG 1973
245 10 - TITLE STATEMENT
Title English plays of the nineteenth century /
Statement of responsibility, etc. edited by Michael R. Booth.
Number of part/section of a work Volume IV :
Name of part/section of a work Farces.
260 ## - PUBLICATION, DISTRIBUTION, ETC. (IMPRINT)
Place of publication, distribution, etc. Oxford :
Name of publisher, distributor, etc. Clarendon P.,
Date of publication, distribution, etc. 1973.
300 ## - PHYSICAL DESCRIPTION
Pagination 384 p. ;
Size 23 cm.
650 #0 - SUBJECT ADDED ENTRY--TOPICAL TERM
Topical term or geographic name as entry element English drama
Chronological subdivision 19th century.
9 (RLIN) 57637
700 1# - ADDED ENTRY--PERSONAL NAME
Personal name Booth, Michael R.,
Relator term comp.
942 ## - ADDED ENTRY ELEMENTS (KOHA)
Source of classification or shelving scheme Dewey Decimal Classification
Koha item type Books
Holdings
Lost status Source of classification or shelving scheme Damaged status Not for loan Collection code Permanent Location Current Location Shelving location Date acquired Source of acquisition Cost, normal purchase price Total Checkouts Full call number Date last seen Copy number Koha item type
  Dewey Decimal Classification   Not For Loan Non-fiction Central Library, University of Rajshahi Central Library, University of Rajshahi Reading Room 27/11/1975 Gonathan & co. 4.00   822.009 ENG V-4 1973 22/02/2014 C-1 Books